000 00558nmm a2200181Ia 4500
008 251105s9999||||xx |||||||||||||||||und||
020 _a9788416700745
041 _aspa
100 _aHoneyman, Gail
245 0 _aEleanor Oliphant está perfectamente
264 _a[Madrid, España] :
_bRoca Editorial,
_c[Fecha de publicación no identificada]
300 _a0 páginas
650 _aTeen & Young Adult Fiction
700 _aHoneyman, Gail
700 1 _a Osuna Aguilar, Julia
856 _uhttps://public.digitaliapublishing.com/a/82039
942 _cCF
999 _c66967
_d66967